Species of Snakes by Letter - A - Statistics

General Stats
  • This quiz has been taken 56 times
  • The average score is 4 of 25
Answer Stats
Species % Correct
Green
88%
Yellow
65%
Death
60%
European
28%
Egyptian
25%
Desert
18%
European (Viper/Adder)
18%
Horned
13%
Water
13%
Bolivian
10%
Mountain
10%
Aesculapian
8%
Mud
8%
Peringuey's
8%
African beaked
5%
African Puff
5%
Arafura file
5%
De Schauensee's
5%
Dwarf sand
5%
Long-nosed
5%
Many-horned
5%
Namaqua
5%
Namib dwarf sand
5%
Rhombic night
5%
Nightingale
3%
No matching quizzes found
Score Distribution
Percent of People with Each Score
Percentile by Number Answered
Your Score History
You have not taken this quiz